Alexander und Ägypten /

Saved in:

Main Author: Ehrenberg, Victor, 1891-1976 (Author)

Format: Book

Language: German

Published: Leipzig : J. C. Hinrichs, 1926.

Series: Beihefte zum Alten Orient ; 7.

Subjects:

Tags: Add Tag

No Tags, Be the first to tag this record!

Call Number: DT24 .E5 1926

LEADER 00769namaa2200265 4500
001 18825
003 OSt
005 20260315125840.0
008 130303s1926 gw 000 0 ger d
010 |a 28000926 
040 |c ARCE Library 
043 |a f-ua--- 
050 4 |a DT24 .E5 1926 
100 1 |a Ehrenberg, Victor,  |d 1891-1976,  |e author  |9 29433 
245 1 0 |a Alexander und Ägypten /  |c Von Victor Ehrenberg. 
264 1 |a Leipzig :  |b J. C. Hinrichs,  |c 1926. 
300 |a 58, [1] pages ;  |c 24 cm. 
490 1 |a Beihefte zum Alten Orient ;  |v 7. 
600 0 0 |a Alexander,  |c the Great,  |d 356 B.C.-323 B.C. 
650 0 |a Hellenism. 
651 0 |a Egypt  |x History  |y 332-30 B.C. 
830 0 |a Beihefte zum Alten Orient ;  |v 7. 
901 |a reviewed 
942 |c BK  |2 lcc 
999 |c 20204  |d 20204